01482nam a2200349 a 4500001001200000003000800012006001900020007001500039008004100054010001700095020003800112020003500150020002700185040002100212035002100233050002900254082002000283100002400303245010800327250001200435260004600447300002500493505016100518533015200679630003600831650002800867650004800895655002900943710001700972856012600989999001701115ebr10657519CaPaEBRm u cr cn|||||||||121016s2013 inua s 000 0 eng d z 2012951872 z9781118519653 (pbk. : alk. paper) z1118519655 (pbk. : alk. paper) z9781118519677 (e-book) aCaPaEBRcCaPaEBR a(OCoLC)83461178514aHF5549.5.P37bP47 2013eb04a658.40380112231 aPerson, Ron,d1948-10aBalanced scorecards & operational dashboards with Microsoft Excelh[electronic resource] /cRon Person. a2nd ed. aIndianapolis :bJ. Wiley and Sons,c2013. axxvi, 454 p. :bill.0 apt. 1. Strategic performance with balanced scorecards -- pt. 2. Operational performance with dashboards -- pt. 3. Building maps, scorecards, and dashboards. aElectronic reproduction.bPalo Alto, Calif. :cebrary,d2013.nAvailable via World Wide Web.nAccess may be limited to ebrary affiliated libraries.00aMicrosoft Excel (Computer file) 0aPerformance technology. 0aDashboards (Management information systems) 7aElectronic books.2local2 aebrary, Inc.40uhttp://site.ebrary.com/lib/rucke/Doc?id=10657519zAn electronic book accessible through the World Wide Web; click to view c76945d76945